World of tanks blitz: USA - Statistics

General Stats
  • This quiz has been taken 13 times
  • The average score is 50 of 91
Answer Stats
Tier Type Tank % Correct
5 heavy T1 Heavy
100%
1 light M2 Light
89%
2 light M3 Stuart
89%
6 heavy M6
89%
5 td Wolverine
89%
10 heavy Concept 1B
78%
6 td Hellcat
78%
4 medium M3 Lee
78%
3 light M5 Stuart
78%
4 medium M7
78%
4 td M8A1
78%
10 heavy M-VI-Yoh
78%
9 heavy M-V-Yoh
78%
10 td T110E3
78%
10 td T110E4
78%
10 heavy T110E5
78%
7 td T25/2
78%
8 td T28
78%
8 td T28 Prot
78%
7 heavy T29
78%
9 td T30
78%
10 heavy T57 Heavy
78%
9 td T95
78%
6 light Chaffee
67%
6 td Jackson
67%
9 heavy M103
67%
3 medium M2 Medium
67%
5 medium M4 Sherman
67%
7 heavy M-VII-Yoh
67%
10 light Sheridan
67%
10 light Sheridan missile
67%
2 td T18
67%
8 heavy T34
67%
6 light T37
67%
4 td T40
67%
8 light T49
67%
3 td T82
67%
9 light T92E1
67%
10 heavy T95E6
67%
7 light M41 Bulldog
56%
10 medium M48 Patton
56%
5 medium M4A2E4
56%
6 medium M4A3E8
56%
10 medium M60
56%
8 heavy M-III-Yoh
56%
7 td Super Hellcat
56%
7 medium T20
56%
7 td T25 AT
56%
2 medium T2 Medium
56%
8 heavy T32
56%
5 td T67
56%
4 medium T6E1 Grizzly
56%
7 light T71
56%
10 td XM66F
56%
6 medium Fury
44%
3 light Locust
44%
9 medium M46 Patton
44%
6 medium M4A3E2
44%
7 heavy M6A2E1
44%
8 heavy M-IV-Yoh
44%
6 heavy Pawlack Tank
44%
8 medium Pershing
44%
8 heavy T34 (1776)
44%
7 medium T42
44%
8 light T49 Fearless
44%
9 medium T54E1
44%
8 heavy T54E2
44%
8 medium T69
44%
2 light T7 Car
44%
8 medium ASTRON Rex
33%
8 heavy Chrysler K
33%
8 heavy M6A2E1 EXP
33%
5 medium Ram II
33%
5 heavy T14
33%
2 light T1E6
33%
6 light T21
33%
8 medium T26E4
33%
2 light T2 Light
33%
7 light T49 A
33%
8 medium T95E2
33%
9 heavy TL-7-120
33%
8 td TS-60
33%
9 heavy AE Phase I
22%
7 medium T23E3
22%
8 medium T25 Pilot 1
22%
7 medium T26E3 Eagle 7
22%
8 heavy T26E5
22%
7 td T28 HTC
22%
8 heavy T77
22%
8 td TS-5
22%
6 medium Sherman Easy 8
11%
No matching quizzes found
Score Distribution
Percent of People with Each Score
Percentile by Number Answered
Your Score History
You have not taken this quiz